|
|
|
|
| LEADER |
00000nam0a2200000 4500 |
| 001 |
374062 |
| 005 |
20231102012624.0 |
| 010 |
|
|
|b 5000 экз.
|
| 035 |
|
|
|a (RuTPU)RU\TPU\retro\31495
|
| 035 |
|
|
|a RU\TPU\book\273381
|
| 090 |
|
|
|a 374062
|
| 100 |
|
|
|a 20221216d1945 m y0rusy50 ca
|
| 101 |
0 |
|
|a rus
|
| 102 |
|
|
|a RU
|
| 105 |
|
|
|a a z 000zy
|
| 200 |
1 |
|
|a Всемирное тяготение
|f К. Л. Баев, В. А. Шишаков
|g Московский планетарий ; под ред. П. П. Паренаго
|
| 210 |
|
|
|a Москва
|c [Б. и.]
|d 1945
|
| 215 |
|
|
|a 52 с.
|c ил.
|
| 225 |
1 |
|
|a Серия популярных брошюр по астрономии
|
| 300 |
|
|
|a Подписано к печати 29.09. 1945 г.
|
| 610 |
1 |
|
|a научно-популярная литература
|
| 610 |
1 |
|
|a астрономия
|
| 610 |
1 |
|
|a закон всемирного тяготения
|
| 610 |
1 |
|
|a история
|
| 675 |
|
|
|a 521.1
|v 3
|
| 700 |
|
1 |
|a Баев
|b К. Л.
|
| 701 |
|
1 |
|a Шишаков
|b В. А.
|
| 702 |
|
1 |
|a Паренаго
|b П. П.
|4 340
|
| 712 |
0 |
2 |
|a Московский планетарий
|2 stltpush
|3 (RuTPU)RU\TPU\col\19359
|9 27451
|
| 801 |
|
1 |
|a RU
|b 63413507
|c 20140219
|
| 801 |
|
2 |
|a RU
|b 63413507
|c 20221216
|g RCR
|
| 942 |
|
|
|c BK
|